00882nam a2200289 a 450000100060000000300080000600500170001400800410003103500190007203500140009104000270010504100080013208200200014010000300016024500430019026000540023330000200028765100270030765100320033465100280036690200110039490700230040594200120042899800090044099900170044995201260046625215BD-RjUL20211209050840.0140316s1988 ko 000 0 eng d a(BD-RjUL)25284 a(BD-RjUL) aUPBcUPBbengdBD-RjUL aeng04a951.9bKAW 19881 aKalton, Michael C.97755514aThe way of Korea /cMichael C. Kalton. aSoeul :bInternational T'oegyehak Society,c1988. a32 p. ;c22 cm. 0aKoreaxHistory.977556 0aKoreaxCivliization.977557 0aKoreaxReligion.977558 a020205 a.b26040311banlc- 2ddccBK b0dm c25215d25215 00102ddc40728NFICaRUCLbRUCLcReadingd1989-01-28eGiftl0o951.9 KAW 1988r2014-03-16 00:00:00tC-1w2014-03-16yBK